000 02170nam a2200505 a 4500
005 20240223102126.0
008 100316t2007||||mx a f |||| 001 0 spa d
020 _a970106111X
041 _aspa
092 _c540
_l11
_sCHA
100 1 _aChang, Raymond.
_9487
245 _aQuímica /
_cRaymond Chang.
250 _a9a ed.
_bTraducción Erika Jasso, Hernán D'Bourneville. Revisión técnica Rosa Zugazagoitia Herranz y José Clemente Reza
260 _aMéxico:
_bMcGraw-Hill;
_c2007.
300 _a1063 p.
500 _aChang, R. (2007). Química. (9a ed.). México : McGraw-Hill.
590 _aDonación Sol Espinosa, Abril 2019
653 _aQuímica: el estudio del cambio
653 _aAtomo, moléculas e iones
653 _aReacciones de la masa en las reacciones químicas
653 _aReacciones de disolución acuosa
653 _aGases
653 _aTermoquímica
653 _aTeoría cuántica y la estructura electrónica de los átomos
653 _aRelaciones periódicas entre los elementos
653 _aEnlace químico I: conceptos básicos
653 _aEnlace químico II: geometría molecular e hibridación de orbitales atómicos
653 _aFuerzas intermoleculares y los líquidos y sólidos
653 _aPropiedades físicas de las disoluciones
653 _aCinética química
653 _aEquilibrio químico
653 _aAcidos y bases
653 _aEquilibrios ácido-base y equilibrios de solubilidad
653 _aQuímica de la atmósfera
653 _aEntropía, energía libre y equilibrio
653 _aElectroquímica
653 _aMetalurgia y química de los metales
653 _aElementos no metálicos y sus compuestos
653 _aQuímica de los metales de transición y los compuestos de coordinación
653 _aQuímica nuclear
653 _aQuímica orgánica
653 _aPolímeros orgánicos sintéticos y naturales
653 _aApéndice 1: Derivación de los nombres de los elementos. Apéndice 2: Unidades de la constante de los gases. Apéndice 3: Datos termodinámicos de 1 atm y 25°C. Apéndice 4: Operaciones matemáticas
942 _2ddc
_cBK
999 _c2895
_d2895